000
00210nam a2200097Ia 4500
008
240331s9999 xx 000 0 und d
082
_a
294
_b
ILA
100
_a
Ilaiah , K
245
0
_a
Why I amnot a hindu
942
_c
L
999
_c
892
_d
892